LEADER 01467nam a2200313 a 4500 001 000000130203 003 CaOOAMICUS 005 20120917153906.0 008 120917s2012 it u000 u ita r 040 $aPUL$bita 082 04$a262.947 100 1 $aRossano, Stefano.$0(OLS)http://pul/name/83417 245 13$aLe cause di nullità di matrimonio dei fedeli orientali nei tribunali latini :$bla competenza (art. 16 Dignitas connubii) /$cStefano Rossano. 260 $aMilano :$bGiuffrè,$c2012. 300 $a451-464 p. ;$c22 cm 500 $aEstratto dal volume: Cristiani orientali e pastori latini, a cura di Paolo Gefaell. 504 $aBibliografia in nota. 650 4$aMatrimonio (diritto canonico).$0(OLS)http://pul/subject/475 650 4$aDiritto processuale canonico.$0(OLS)http://pul/subject/29586 850 $aPUL 852 $aPUL$W1$xSL Diritto Canonico 3$y77$m262. 947 ROSST 1$j150741$qDDC 21$B149305$CPULBib$Z2$F149305 $H120720 $82 941 1 $a9 960 $aDiritto matrimoniale canonico$9475 960 $aDiritto canonico processuale$929586 961 $aEstratto donato dall'autore 996 $6082$a262.947$9(OLS)http://pul/classification/2208 996 $6245$aLe cause di nullità di matrimonio dei fedeli orientali nei tribunali latini :$bla competenza (art. 16 Dignitas connubii)$9(OLS)http://pul/title/164579 996 $6260$aMilano :$bGiuffrè$9(OLS)http://pul/publisher/48401 LEADER 01396cam a22003614a 4500 001 000000131324 003 CaOOAMICUS 005 20121115093646.0 008 121115s2008 it a b 000 0 ita r 020 $a978-88-459-0977-1 040 $aPUL$bita 041 1 $aita$heng 082 04$a128.2 100 1 $aEdelman, Gerald M.$0(OLS)http://pul/name/71602 240 10$aBright air, brilliant fire.$lItaliano.$0(OLS)http://pul/title/165889 245 10$aSulla materia della mente /$cGerald M. Edelman. 250 $a4. ed. 260 $aMilano :$bAdelphi,$c2008. 300 $a428 p. :$bill. ;$c22 cm. 490 1 $aBiblioteca scientifica ;$v17 500 $aInclude indice. 504 $aBibliografia p. [391]-412. 650 4$aMente e cervello.$0(OLS)http://pul/subject/25955 650 4$aMente umana.$0(OLS)http://pul/subject/38282 830 0$aBiblioteca scientifica (Adelphi) ;$v17.$0(OLS)http://pul/title/40718 850 $aPUL 852 $aPUL$W1$xSL Filosofia 3$y81$m128. 2 EDEGE 1$j151621$qDDC 21$B150517$CPULBib$Z2$F150517 $H121188 $82 941 1 $a9 996 $6020$a978-88-459-0977-1$9(OLS)http://pul/number/151026 996 $6082$a128.2$9(OLS)http://pul/classification/2399 996 $6245$aSulla materia della mente$9(OLS)http://pul/title/165890 996 $6260$aMilano :$bAdelphi$9(OLS)http://pul/publisher/51018